Sita under the crescent moon : (Record no. 166221)

MARC details
000 -LEADER
fixed length control field 00587nam a22001817a 4500
005 - DATE AND TIME OF LATEST TRANSACTION
control field 20190717111512.0
010 ## - LCCN (DPL NO)
LC control number ENG-125962
020 ## - INTERNATIONAL STANDARD BOOK NUMBER
International Standard Book Number 9789386767483
Terms of availability 599.00
035 ## - SYSTEM CONTROL NUMBER
System control number EN-109494
037 ## - SOURCE OF ACQUISITION
Source of stock number/acquisition DBAD/PUB
082 ## - DEWEY DECIMAL CLASSIFICATION NUMBER
Classification number 230.3
100 ## - MAIN ENTRY--PERSONAL NAME
Personal name Annie Ali Khan
245 ## - TITLE STATEMENT
Title Sita under the crescent moon :
Statement of responsibility, etc by Annie Ali Khan
Remainder of title a woman's search for faith in Pakistan /
260 ## - PUBLICATION, DISTRIBUTION, ETC. (IMPRINT)
Place of publication, distribution, etc New Delhi
Name of publisher, distributor, etc Simon and Schuster
Date of publication, distribution, etc 2019
270 ## - ADDRESS
Address 818, Indraprakash Building , 21 Barakhamba Road
City New Delhi
Postal code 110001
300 ## - PHYSICAL DESCRIPTION
Extent 312p.
Dimensions 23cm(Hb)
942 ## - ADDED ENTRY ELEMENTS (KOHA)
Source of classification or shelving scheme Dewey Decimal Classification
Item type English Books
Classification part 230.3
Call number suffix ANN
Holdings
Withdrawn status Lost status Not for loan Collection code Home library Current library Date acquired Source of acquisition Cost, normal purchase price Full call number Barcode Copy number Cost, replacement price Koha item type
    Not For Loan Non-fiction D.B.Act.Division D.B.Act.Division 17/07/2019 DBAD/PUB 599.00 230.3 ANN EN-109494 1 599.00 English Books

© Delhi Public Library
Hit Counter
free hit counter